Surfactants in latices, emulsions and dispersions (Record no. 70026)

MARC details
000 -LEADER
fixed length control field 00366nam a2200133Ia 4500
100 ## - MAIN ENTRY--AUTHOR NAME
Personal name Pendle T D
245 #0 - TITLE STATEMENT
Title Surfactants in latices, emulsions and dispersions
260 ## - PUBLICATION, DISTRIBUTION, ETC. (IMPRINT)
Name of publisher Proc. Rubb. Cons. Semin., Latex, London
Year of publication 1991
500 ## - GENERAL NOTE
General note Source Year: 1992
650 ## - SUBJECT ADDED ENTRY--TOPICAL TERM
Topical Term Surfactants
856 ## - ELECTRONIC LOCATION AND ACCESS
Uniform Resource Identifier IRRDB
942 ## - ADDED ENTRY ELEMENTS (KOHA)
Koha item type Journals
Holdings
Withdrawn status Lost status Damaged status Not for loan Home library Current library Date acquired Koha item type
      Journals RRII Library RRII Library 17/12/2021 Journals